000
00154nam a22000857a 4500
082
_a
823
100
_a
MORROU, L R
245
_a
MY BIBLE RE STORY
942
_c
BK
999
_c
8123
_d
8123